000 00360nam a22001457a 4500
005 20260113142703.0
008 260113b |||||||| |||| 00| 0 eng d
020 _a978-0-385-42335-9
050 _aPJ 7846.A46 M34 1995
100 _aMAHFOUZ NAGUIB
245 _aTHE HARAFISH
260 _aNEWYORK
_bANCHOR BOOKS
_c1995
300 _aX,406
942 _2lcc
_cBK
999 _c216453
_d216453